[Event "Shumen Stojan Ivanov Memorial"]
[Site "Shumen"]
[Date "2023.07.29"]
[Round "6"]
[White "Pantev, Veselin"]
[Black "Rusev, Krasimir"]
[Result "1-0"]
[WhiteElo "2365"]
[BlackElo "2438"]
[PlyCount "95"]
[EventDate "2023.07.28"]
[EventType "swiss (rapid)"]
[EventRounds "11"]
[EventCountry "BUL"]
[SourceTitle "CBM 215 Extra"]
[Source "ChessBase"]
[SourceDate "2023.09.30"]
[SourceVersion "1"]
[SourceVersionDate "2023.09.30"]
[SourceQuality "1"]

1. d4 d6 2. Nf3 Nd7 3. Bf4 g6 4. e3 Bg7 5. h3 e5 6. Bh2 Nh6 7. Bc4 0-0 8. 0-0 Kh8 9. Nc3 f5 10. dxe5 dxe5 11. a4 Nf7 12. Bxf7 Rxf7 13. Bxe5 Qe7 14. Bxg7+ Rxg7 15. Qd4 Nf6 16. Nd5 Nxd5 17. Qxd5 c6 18. Qd4 Be6 19. Qe5 Bd5 20. Qxe7 Rxe7 21. Nd4 Rf8 22. Rfe1 a5 23. f3 Kg7 24. h4 Kf6 25. Kf2 h6 26. b3 Rfe8 27. Rad1 Bf7 28. Rd3 Rd8 29. Red1 Rd5 30. Ne2 Rc5 31. R1d2 Rc7 32. c4 b5 33. axb5 cxb5 34. cxb5 Rxb5 35. Rd6+ Kg7 36. Nd4 Re5 37. Rd3 Rc1 38. Rd7 Kf8 39. Kg3 Rec5 40. Kf4 Rb1 41. Ra7 Rb2 42. Kg3 Ke8 43. e4 fxe4 44. fxe4 g5 45. h5 Re5 46. Ra8+ Kd7 47. Nf3+ Ke6 48. Ra6+ 1-0

[Event "BUL-ch"]
[Site "Sofia"]
[Date "2023.01.23"]
[Round "4"]
[White "Tashev, Aleksandar Asenov"]
[Black "Rusev, Krasimir"]
[Result "0-1"]
[WhiteElo "2134"]
[BlackElo "2478"]
[PlyCount "92"]
[EventDate "2023.01.21"]
[EventType "swiss"]
[EventRounds "9"]
[EventCountry "BUL"]
[SourceTitle "CBM 212 Extra"]
[Source "ChessBase"]
[SourceDate "2023.03.31"]
[SourceVersion "1"]
[SourceVersionDate "2023.03.31"]
[SourceQuality "1"]

1. Nf3 d5 2. g3 c6 3. Bg2 Bg4 4. h3 Bh5 5. 0-0 e6 6. d3 Bd6 7. e4 Ne7 8. Nbd2 Nd7 9. Rb1 a5 10. Qe2 0-0 11. Re1 a4 12. g4 Bg6 13. e5 Bc7 14. Nf1 h6 15. Bf4 c5 16. a3 b5 17. h4 Nc6 18. h5 Bh7 19. N1h2 Qb8 20. Qe3 Re8 21. Bg3 d4 22. Qc1 Ra6 23. g5 hxg5 24. Qxg5 Qd8 25. Qc1 f6 26. exf6 gxf6 27. Ng4 Bxg3 28. fxg3 Qe7 29. Qf4 e5 30. Nh6+ Kh8 31. Qg4 Qg7 32. Nh4 Qxg4 33. Nxg4 Ne7 34. Bh3 c4 35. Nf2 Nc5 36. Ne4 Bxe4 37. dxe4 Kg7 38. Bf5 Rd8 39. Bg4 Rb6 40. Bf3 b4 41. Kf2 Rdb8 42. Ra1 bxa3 43. bxa3 Rb2 44. Re2 Rb1 45. Re1 Rxa1 46. Rxa1 Rb2 0-1

[Event "BUL-ch"]
[Site "Sofia"]
[Date "2023.01.21"]
[Round "1"]
[White "Rusev, Krasimir"]
[Black "Georgiev, Konstantin1111"]
[Result "1-0"]
[WhiteElo "2478"]
[BlackElo "2081"]
[PlyCount "93"]
[EventDate "2023.01.21"]
[EventType "swiss"]
[EventRounds "9"]
[EventCountry "BUL"]
[SourceTitle "CBM 212 Extra"]
[Source "ChessBase"]
[SourceDate "2023.03.31"]
[SourceVersion "1"]
[SourceVersionDate "2023.03.31"]
[SourceQuality "1"]

1. d4 d5 2. c4 e5 3. e3 exd4 4. exd4 Nf6 5. Nc3 Bb4 6. c5 0-0 7. Bd3 b6 8. cxb6 axb6 9. Nge2 h6 10. 0-0 Ba6 11. Bf4 Bd6 12. Rc1 Bxf4 13. Nxf4 Qd6 14. Qf3 c6 15. Rfe1 Bxd3 16. Nxd3 Na6 17. Qg3 Qxg3 18. hxg3 c5 19. Nb5 Nb4 20. Nxb4 cxb4 21. Ra1 Rfc8 22. a3 Rc2 23. axb4 Rxa1 24. Rxa1 Rxb2 25. f3 Rxb4 26. Nd6 Rxd4 27. Ra8+ Kh7 28. Nxf7 Rd1+ 29. Kf2 Rd2+ 30. Ke3 Rxg2 31. g4 Ng8 32. Kf4 Re2 33. Nd6 Ne7 34. Rb8 d4 35. Ne4 Nd5+ 36. Ke5 Nc3 37. Kxd4 Nd1 38. Rxb6 Ra2 39. g5 Kg8 40. g6 Kf8 41. f4 Nf2 42. Nc5 Re2 43. f5 Ke7 44. Rb7+ Kf6 45. Rf7+ Kg5 46. Ne6+ Kg4 47. Nxg7 1-0

[Event "Plovdiv Trainers and Students 2nd"]
[Site "Plovdiv"]
[Date "2022.10.03"]
[Round "7"]
[White "Stoyanov, Tsvetan"]
[Black "Rusev, Krasimir"]
[Result "1-0"]
[WhiteElo "2449"]
[BlackElo "2477"]
[PlyCount "83"]
[EventDate "2022.09.29"]
[EventType "swiss"]
[EventRounds "9"]
[EventCountry "BUL"]
[SourceTitle "CBM 210 Extra"]
[Source "ChessBase"]
[SourceDate "2022.11.30"]
[SourceVersion "1"]
[SourceVersionDate "2022.11.30"]
[SourceQuality "1"]

1. e4 c6 2. d4 d5 3. Nc3 dxe4 4. Nxe4 Nf6 5. Nxf6+ exf6 6. c3 Bd6 7. Bd3 Na6 8. Ne2 Nc7 9. Qc2 h5 10. 0-0 Nd5 11. Bd2 Kf8 12. a3 g6 13. c4 Ne7 14. Rad1 Kg7 15. Bc3 h4 16. h3 Rh5 17. f4 Nf5 18. Rf3 Bd7 19. b4 b5 20. c5 Bc7 21. d5 cxd5 22. Qb2 a5 23. bxa5 Bxa5 24. Bxf5 Bxf5 25. Nd4 Be4 26. Bxa5 Qxa5 27. Rc3 g5 28. Rf1 Kh7 29. Nb3 Qc7 30. Qe2 Rh6 31. Nd2 Re8 32. Qxb5 Re7 33. c6 gxf4 34. Nxe4 dxe4 35. Qf5+ Kg7 36. Qxf4 f5 37. Qxf5 Rg6 38. Qc5 Re5 39. Qd4 Kg8 40. Qd7 Re7 41. Qxe7 Qxe7 42. c7 1-0

[Event "Plovdiv Trainers and Students 2nd"]
[Site "Plovdiv"]
[Date "2022.09.30"]
[Round "2"]
[White "Petrov, Martin"]
[Black "Rusev, Krasimir"]
[Result "1-0"]
[WhiteElo "2530"]
[BlackElo "2477"]
[PlyCount "61"]
[EventDate "2022.09.29"]
[EventType "swiss"]
[EventRounds "9"]
[EventCountry "BUL"]
[SourceTitle "CBM 210 Extra"]
[Source "ChessBase"]
[SourceDate "2022.11.30"]
[SourceVersion "1"]
[SourceVersionDate "2022.11.30"]
[SourceQuality "1"]

1. e4 c6 2. d4 d5 3. e5 Bf5 4. Nf3 e6 5. Be2 Nd7 6. 0-0 a6 7. Nbd2 h6 8. c3 Ne7 9. Nb3 Rc8 10. Nh4 Bh7 11. f4 c5 12. Bg4 cxd4 13. cxd4 Bc2 14. Qf3 g6 15. Qh3 Qb6 16. Be3 h5 17. Bd1 Bd3 18. Rf2 Bg7 19. Bd2 Be4 20. Ba5 Qa7 21. Bb4 Nc6 22. Rc1 Bf8 23. Bxf8 Kxf8 24. Bf3 Kg7 25. Bxe4 dxe4 26. Qe3 Nb4 27. Rxc8 Rxc8 28. f5 Nxe5 29. fxe6 f5 30. Nxf5+ Kg8 31. Ne7+ 1-0

[Event "Plovdiv Trainers and Students 2nd"]
[Site "Plovdiv"]
[Date "2022.09.29"]
[Round "1"]
[White "Rusev, Krasimir"]
[Black "Kanov, Nikola"]
[Result "1-0"]
[WhiteElo "2477"]
[BlackElo "2304"]
[PlyCount "75"]
[EventDate "2022.09.29"]
[EventType "swiss"]
[EventRounds "9"]
[EventCountry "BUL"]
[SourceTitle "CBM 210 Extra"]
[Source "ChessBase"]
[SourceDate "2022.11.30"]
[SourceVersion "1"]
[SourceVersionDate "2022.11.30"]
[SourceQuality "1"]

1. d4 d5 2. c4 dxc4 3. e3 Nf6 4. Bxc4 e6 5. Nf3 c5 6. 0-0 a6 7. Nc3 b5 8. Be2 Bb7 9. dxc5 Bxc5 10. Qxd8+ Kxd8 11. Nd2 Nbd7 12. Nb3 b4 13. Na4 Bd6 14. Rd1 Ke7 15. Na5 Bd5 16. Bd2 Rhc8 17. Be1 Ne4 18. Rd4 Rab8 19. Bxa6 Rc7 20. Bc4 Ba8 21. Bd3 Nec5 22. Nxc5 Bxc5 23. Rh4 g5 24. Rxh7 Ne5 25. Be2 Be4 26. Rh5 Kf6 27. h4 g4 28. Nb3 Ba7 29. Nd4 Rg8 30. Bxb4 Nf3+ 31. gxf3 gxf3+ 32. Rg5 Bxd4 33. exd4 Rxg5+ 34. hxg5+ Kxg5 35. Bf1 Rd7 36. Rc1 f6 37. Rc8 Rxd4 38. Rc4 1-0

[Event "BUL-chT 70th"]
[Site "Primorsko"]
[Date "2020.09.09"]
[Round "1.1"]
[White "Kolev, Lachezar"]
[Black "Rusev, Krasimir"]
[Result "0-1"]
[WhiteElo "2040"]
[BlackElo "2508"]
[PlyCount "64"]
[EventDate "2020.09.09"]
[EventType "team-tourn"]
[EventRounds "7"]
[EventCountry "BUL"]
[SourceTitle "CBM 198 Extra"]
[Source "ChessBase"]
[SourceDate "2020.11.30"]
[SourceVersion "1"]
[SourceVersionDate "2020.11.30"]
[SourceQuality "1"]
[WhiteTeam "Sofia Slavia"]
[BlackTeam "Razgrad Abritus"]
[WhiteTeamCountry "BUL"]
[BlackTeamCountry "BUL"]

1. d4 d5 2. Bf4 c5 3. c3 Nc6 4. e3 Qb6 5. Qb3 c4 6. Qc2 e5 7. Bxe5 Bf5 8. Qc1 Nxe5 9. dxe5 f6 10. e6 Bc5 11. Nf3 Ne7 12. Be2 Bxe6 13. Nd4 Bf7 14. 0-0 0-0 15. Nd2 Ng6 16. b3 Ne5 17. bxc4 dxc4 18. f4 Nd3 19. Bxd3 cxd3 20. N2f3 Rfe8 21. Qd2 Qa6 22. Rfd1 Re7 23. Nf5 Rd7 24. N3d4 Bc4 25. Nb3 Bb6 26. Qf2 Re8 27. Nd2 Bf7 28. Nd4 Rc7 29. Rdc1 Rec8 30. Ne4 Bd5 31. Nd6 Bxd4 32. Nxc8 Bc5 0-1

[Event "BUL-chT rapid 70th"]
[Site "Primorsko"]
[Date "2020.09.08"]
[Round "6.1"]
[White "Kozhuharov, Spas"]
[Black "Rusev, Krasimir"]
[Result "1-0"]
[WhiteElo "2424"]
[BlackElo "2508"]
[PlyCount "85"]
[EventDate "2020.09.08"]
[EventType "team-tourn (rapid)"]
[EventRounds "7"]
[EventCountry "BUL"]
[SourceTitle "CBM 198 Extra"]
[Source "ChessBase"]
[SourceDate "2020.11.30"]
[SourceVersion "1"]
[SourceVersionDate "2020.11.30"]
[SourceQuality "1"]
[WhiteTeam "Plovdiv Chess Bomb"]
[BlackTeam "Razgrad Abritus"]
[WhiteTeamCountry "BUL"]
[BlackTeamCountry "BUL"]

1. Nf3 d5 2. c4 c6 3. g3 Nf6 4. Bg2 Bg4 5. Qb3 Qb6 6. d3 Nbd7 7. Be3 Qa6 8. cxd5 Nxd5 9. Bd4 Bxf3 10. Bxf3 e5 11. Bc3 Nxc3 12. Nxc3 Be7 13. 0-0 0-0 14. a3 Nc5 15. Qc2 Ne6 16. e3 Rad8 17. Rfd1 Qb6 18. b4 a6 19. Rab1 Kh8 20. Qb3 g6 21. a4 Rfe8 22. b5 cxb5 23. axb5 a5 24. Na4 Qa7 25. Bd5 Bb4 26. Rbc1 Rd7 27. b6 Qb8 28. Bxe6 Rxe6 29. Nc5 Bxc5 30. Rxc5 Qd8 31. Qc3 Qe7 32. Qxa5 Kg7 33. Kg2 h5 34. h4 Qd6 35. Qc3 Kh7 36. Rc7 Ree7 37. Rc1 f6 38. Rxd7 Rxd7 39. Qc7 Kh6 40. Qc8 Qxd3 41. Qh8+ Rh7 42. Qf8+ Rg7 43. Rc7 1-0

[Event "BUL-chT rapid 70th"]
[Site "Primorsko"]
[Date "2020.09.08"]
[Round "3.1"]
[White "Rusev, Krasimir"]
[Black "Georgiev, Biser"]
[Result "1-0"]
[WhiteElo "2508"]
[BlackElo "2234"]
[PlyCount "109"]
[EventDate "2020.09.08"]
[EventType "team-tourn (rapid)"]
[EventRounds "7"]
[EventCountry "BUL"]
[SourceTitle "CBM 198 Extra"]
[Source "ChessBase"]
[SourceDate "2020.11.30"]
[SourceVersion "1"]
[SourceVersionDate "2020.11.30"]
[SourceQuality "1"]
[WhiteTeam "Razgrad Abritus"]
[BlackTeam "Dobrich Energiya 21"]
[WhiteTeamCountry "BUL"]
[BlackTeamCountry "BUL"]

1. d4 Nf6 2. Bg5 e6 3. e4 h6 4. Bxf6 Qxf6 5. c3 d5 6. Bd3 dxe4 7. Bxe4 Bd6 8. Nf3 Nd7 9. 0-0 0-0 10. Nbd2 c6 11. Qe2 Re8 12. Rfe1 Bc7 13. Bc2 g6 14. Ne5 Kg7 15. Rad1 Nf8 16. g3 Bd7 17. Ne4 Qe7 18. Nc5 Rab8 19. h4 h5 20. Qe3 Red8 21. b4 Be8 22. Nf3 Bd6 23. Ng5 b6 24. Nce4 Bc7 25. Bb3 Ra8 26. Nd2 a5 27. a3 axb4 28. axb4 Ra3 29. Rb1 Nh7 30. Nde4 Nxg5 31. Nxg5 Qf6 32. Bxe6 c5 33. Bb3 cxd4 34. cxd4 Ba4 35. Red1 Re8 36. Qd3 Rxb3 37. Rxb3 Bxb3 38. Qxb3 Re2 39. Nf3 Qf5 40. Re1 Rxe1+ 41. Nxe1 Bd6 42. b5 Be7 43. Nf3 Bf6 44. Qe3 Qb1+ 45. Kg2 Qxb5 46. Qe4 Qc4 47. Ne5 Qe6 48. f4 Qa2+ 49. Kh3 Qf2 50. d5 Qf1+ 51. Kh2 Qf2+ 52. Kh3 Qf1+ 53. Kh2 Qf2+ 54. Kh3 Qf1+ 55. Kh2 1-0

[Event "BUL-ch 84th"]
[Site "Sofia"]
[Date "2020.03.05"]
[Round "5"]
[White "Stoyanov, Tsvetan"]
[Black "Rusev, Krasimir"]
[Result "1/2-1/2"]
[WhiteElo "2384"]
[BlackElo "2510"]
[PlyCount "101"]
[EventDate "2020.03.02"]
[EventType "swiss"]
[EventRounds "9"]
[EventCountry "BUL"]
[SourceTitle "CBM 195 Extra"]
[Source "ChessBase"]
[SourceDate "2020.05.31"]
[SourceVersion "1"]
[SourceVersionDate "2020.05.31"]
[SourceQuality "1"]

1. e4 c5 2. Nf3 d6 3. d4 Nf6 4. dxc5 Nxe4 5. cxd6 Nc6 6. Be3 Nxd6 7. Nc3 g6 8. Nb5 Bg7 9. Nxd6+ exd6 10. c3 0-0 11. Be2 Ne5 12. 0-0 Qc7 13. Nd4 a6 14. Qb3 Bd7 15. Rad1 Rfe8 16. h3 b5 17. Qd5 Rab8 18. Nf3 Bc6 19. Qxd6 Qb7 20. Bf4 Bxf3 21. Bxf3 Nxf3+ 22. gxf3 Qxf3 23. Rd3 Qe4 24. Re3 Qa8 25. Rfe1 Rxe3 26. Bxe3 Re8 27. Qd7 Bf6 28. Qg4 Qd5 29. a4 h5 30. Qg2 Qxg2+ 31. Kxg2 bxa4 32. Ra1 Re4 33. Bd4 Bxd4 34. Rxa4 Re2 35. cxd4 Rxb2 36. Rxa6 Rd2 37. Rd6 Kf8 38. Kg3 Rd3+ 39. f3 Ke7 40. Rd5 f6 41. h4 Rd1 42. Kf4 Rh1 43. Kg3 Ke6 44. Ra5 Rd1 45. Ra6+ Ke7 46. Ra7+ Ke6 47. Ra6+ Ke7 48. Ra7+ Ke6 49. Ra6+ Ke7 50. Ra7+ Ke6 51. Ra6+ 1/2-1/2

[Event "BUL-ch 84th"]
[Site "Sofia"]
[Date "2020.03.03"]
[Round "3"]
[White "Yordanov, Lachezar"]
[Black "Rusev, Krasimir"]
[Result "1/2-1/2"]
[WhiteElo "2259"]
[BlackElo "2510"]
[PlyCount "54"]
[EventDate "2020.03.02"]
[EventType "swiss"]
[EventRounds "9"]
[EventCountry "BUL"]
[SourceTitle "CBM 195 Extra"]
[Source "ChessBase"]
[SourceDate "2020.05.31"]
[SourceVersion "1"]
[SourceVersionDate "2020.05.31"]
[SourceQuality "1"]

1. d4 d5 2. c4 c6 3. Nf3 Nf6 4. e3 Bf5 5. Nc3 e6 6. Nh4 Be4 7. f3 Bg6 8. g3 Be7 9. Qb3 Qc7 10. Nxg6 hxg6 11. Kf2 a6 12. a4 Nbd7 13. Bd2 Rd8 14. Rd1 0-0 15. Kg2 c5 16. cxd5 exd5 17. Be2 Nb8 18. Rhe1 Nc6 19. dxc5 Bxc5 20. Bc1 d4 21. exd4 Nxd4 22. Qc4 Nc2 23. Rf1 Qe7 24. Ne4 Ne3+ 25. Bxe3 Bxe3 26. Nxf6+ Qxf6 27. Qb3 Qb6 1/2-1/2

[Event "BUL-ch 83rd"]
[Site "Kozloduy"]
[Date "2019.02.28"]
[Round "3"]
[White "Nikolov, Momchil"]
[Black "Rusev, Krasimir"]
[Result "1/2-1/2"]
[WhiteElo "2577"]
[BlackElo "2520"]
[PlyCount "32"]
[EventDate "2019.02.26"]
[EventType "tourn"]
[EventRounds "9"]
[EventCountry "BUL"]
[EventCategory "6"]
[SourceTitle "CBM 189 Extra"]
[Source "ChessBase"]
[SourceDate "2019.06.03"]
[SourceVersion "1"]
[SourceVersionDate "2019.06.03"]
[SourceQuality "1"]

1. e4 g6 2. d4 Bg7 3. Nc3 d6 4. f4 a6 5. a4 Nf6 6. Nf3 c5 7. d5 0-0 8. Bc4 e6 9. dxe6 Bxe6 10. Bxe6 fxe6 11. e5 dxe5 12. Nxe5 Qxd1+ 13. Nxd1 Nbd7 14. Nxd7 Nxd7 15. Be3 e5 16. 0-0 Rae8 1/2-1/2

[Event "EU-ch rapid"]
[Site "Skopje"]
[Date "2018.12.08"]
[Round "5"]
[White "Lazov, Toni"]
[Black "Rusev, Krasimir"]
[Result "1-0"]
[WhiteElo "2335"]
[BlackElo "2520"]
[PlyCount "105"]
[EventDate "2018.12.08"]
[EventType "swiss (rapid)"]
[EventRounds "13"]
[EventCountry "MKD"]
[SourceTitle "CBM 187 Extra"]
[Source "ChessBase"]
[SourceDate "2018.11.04"]
[SourceVersion "1"]
[SourceVersionDate "2018.11.04"]
[SourceQuality "1"]

1. e4 e5 2. Nf3 d6 3. d4 exd4 4. Nxd4 Nf6 5. Nc3 Be7 6. g3 0-0 7. Bg2 Re8 8. 0-0 c6 9. h3 Bf8 10. g4 g6 11. Bf4 Nbd7 12. Qd2 Ne5 13. Rad1 Qb6 14. b3 Ned7 15. Nde2 Ne5 16. Be3 Qc7 17. Ng3 h5 18. gxh5 Bxh3 19. hxg6 fxg6 20. f4 Bxg2 21. Kxg2 Neg4 22. Bd4 Bg7 23. f5 Qf7 24. Qg5 Re5 25. Bxe5 dxe5 26. fxg6 Qe6 27. Nf5 Rf8 28. Rd6 Qe8 29. Rh1 Nxe4 30. Qxg4 Nxd6 31. Nxd6 Qe7 32. Nce4 Rf4 33. Qc8+ Bf8 34. Qh3 Bg7 35. Qh7+ Kf8 36. Rf1 Qe6 37. Rxf4+ exf4 38. Qh4 Qxg6+ 39. Kf3 Bb2 40. Qxf4+ Ke7 41. Nf5+ Ke6 42. Nc5+ Kd5 43. Qc4+ Ke5 44. Qe4+ Kf6 45. Qe6+ Kg5 46. Ne4+ Kh5 47. Nfg3+ Kh6 48. Nf5+ Kh5 49. Nfg3+ Kh6 50. Qxg6+ Kxg6 51. Nd6 b5 52. Nc8 Bd4 53. Ne7+ 1-0

[Event "EU-ch blitz"]
[Site "Skopje"]
[Date "2018.12.07"]
[Round "21"]
[White "Rusev, Krasimir"]
[Black "Dragnev, Valentin"]
[Result "0-1"]
[WhiteElo "2520"]
[BlackElo "2483"]
[PlyCount "60"]
[EventDate "2018.12.06"]
[EventType "swiss (blitz)"]
[EventRounds "22"]
[EventCountry "MKD"]
[SourceTitle "CBM 187 Extra"]
[Source "ChessBase"]
[SourceDate "2018.11.04"]
[SourceVersion "1"]
[SourceVersionDate "2018.11.04"]
[SourceQuality "1"]

1. d4 Nf6 2. Bg5 d5 3. e3 c5 4. c3 Nc6 5. Nd2 cxd4 6. exd4 h6 7. Bf4 Bf5 8. Qb3 Qd7 9. Ngf3 a6 10. Be2 e6 11. Ne5 Nxe5 12. Bxe5 Be7 13. a4 0-0 14. 0-0 Ne4 15. Nf3 f6 16. Bg3 g5 17. Rad1 h5 18. h4 g4 19. Nd2 Nxg3 20. fxg3 Bd6 21. Rxf5 exf5 22. Qxd5+ Kg7 23. Rf1 Rad8 24. Qxf5 Qxf5 25. Rxf5 Rde8 26. Kf1 Bxg3 27. Rxh5 Re7 28. Nc4 Rfe8 29. Nd6 Bxd6 30. Bxg4 Bg3 0-1

[Event "EU-ch blitz"]
[Site "Skopje"]
[Date "2018.12.06"]
[Round "5"]
[White "Rusev, Krasimir"]
[Black "Studer, Noel"]
[Result "1/2-1/2"]
[WhiteElo "2520"]
[BlackElo "2494"]
[PlyCount "165"]
[EventDate "2018.12.06"]
[EventType "swiss (blitz)"]
[EventRounds "22"]
[EventCountry "MKD"]
[SourceTitle "CBM 187 Extra"]
[Source "ChessBase"]
[SourceDate "2018.11.04"]
[SourceVersion "1"]
[SourceVersionDate "2018.11.04"]
[SourceQuality "1"]

1. d4 d5 2. Bf4 e6 3. e3 Nf6 4. Nf3 Bd6 5. Bg3 0-0 6. c4 c5 7. dxc5 Bxc5 8. Nc3 h6 9. a3 Nc6 10. Qc2 Bd6 11. Rd1 Bxg3 12. hxg3 Qa5 13. Be2 dxc4 14. Bxc4 Bd7 15. 0-0 Rac8 16. Ba2 Rfd8 17. Bb1 Qh5 18. Ne4 Ng4 19. Nd6 Nce5 20. Qh7+ Kf8 21. Qh8+ Ke7 22. Nxc8+ Rxc8 23. Rxd7+ Kxd7 24. Nxe5+ Nxe5 25. Qxg7 Ng4 26. Rd1+ Ke7 27. Qd4 Re8 28. Be4 b6 29. Bf3 Qh2+ 30. Kf1 h5 31. Qd6+ Kf6 32. Qf4+ Kg7 33. Qg5+ Kf8 34. Bxg4 hxg4 35. Qxg4 Qh1+ 36. Ke2 Qxg2 37. Qf3 Qxf3+ 38. Kxf3 Ke7 39. Rc1 Kd7 40. Ke4 Rh8 41. g4 Rh2 42. Rc2 Rh1 43. f4 f6 44. Rg2 Ke7 45. Rc2 Kd7 46. Rd2+ Ke7 47. Rg2 Rc1 48. g5 fxg5 49. fxg5 Rc4+ 50. Kd3 Rc5 51. e4 Kf7 52. g6+ Kg7 53. Kd4 e5+ 54. Ke3 Rc6 55. Rg5 Rxg6 56. Rxe5 Kf6 57. Rd5 Ke6 58. Rd2 Rg3+ 59. Kd4 Rb3 60. Kc4 Re3 61. Kd4 Rb3 62. Rh2 a5 63. Kc4 a4 64. Kd4 Kd6 65. e5+ Ke7 66. Kd5 Rb5+ 67. Ke4 Rb3 68. Rh7+ Ke6 69. Rh6+ Ke7 70. Kd5 Rb5+ 71. Ke4 Rxb2 72. Rh7+ Ke6 73. Rh6+ Ke7 74. Kf5 Rf2+ 75. Ke4 Rb2 76. Kd5 Rb5+ 77. Kd4 Rb3 78. Rh7+ Ke6 79. Rh6+ Ke7 80. Kd5 Rb5+ 81. Kd4 Rb3 82. Kd5 Rb5+ 83. Kd4 1/2-1/2

[Event "EU-ch blitz"]
[Site "Skopje"]
[Date "2018.12.06"]
[Round "6"]
[White "Studer, Noel"]
[Black "Rusev, Krasimir"]
[Result "0-1"]
[WhiteElo "2494"]
[BlackElo "2520"]
[PlyCount "56"]
[EventDate "2018.12.06"]
[EventType "swiss (blitz)"]
[EventRounds "22"]
[EventCountry "MKD"]
[SourceTitle "CBM 187 Extra"]
[Source "ChessBase"]
[SourceDate "2018.11.04"]
[SourceVersion "1"]
[SourceVersionDate "2018.11.04"]
[SourceQuality "1"]

1. d4 d5 2. c4 dxc4 3. e3 e5 4. Bxc4 exd4 5. exd4 Bd6 6. Nc3 Nf6 7. Qe2+ Qe7 8. Qxe7+ Bxe7 9. Nf3 Nbd7 10. 0-0 Nb6 11. Bb3 c6 12. Re1 Nfd5 13. Ng5 Bf5 14. Bd2 Rd8 15. a4 0-0 16. a5 Nc8 17. Re5 Nxc3 18. bxc3 Bg6 19. a6 b6 20. Ne4 Rd7 21. f4 Bd6 22. Nxd6 Nxd6 23. Rae1 Bd3 24. Re7 Rfd8 25. Bxf7+ Kf8 26. Rxd7 Rxd7 27. Be6 Re7 28. Bd7 Rxd7 0-1

[Event "BUL-ch 82nd"]
[Site "Kozloduy"]
[Date "2018.03.08"]
[Round "6"]
[White "Marholev, Dimitar"]
[Black "Rusev, Krasimir"]
[Result "0-1"]
[WhiteElo "2145"]
[BlackElo "2538"]
[PlyCount "42"]
[EventDate "2018.03.03"]
[EventType "tourn"]
[EventRounds "9"]
[EventCountry "BUL"]
[EventCategory "6"]
[SourceTitle "CBM 183 Extra"]
[Source "ChessBase"]
[SourceDate "2018.04.19"]
[SourceVersion "1"]
[SourceVersionDate "2018.04.19"]
[SourceQuality "1"]

1. d4 d5 2. c4 dxc4 3. e4 b5 4. a4 c6 5. axb5 cxb5 6. Nc3 a6 7. Nxb5 axb5 8. Rxa8 Bb7 9. Ra1 e6 10. f3 f5 11. exf5 Nc6 12. fxe6 Nge7 13. Bg5 Qd5 14. Bxe7 Bxe7 15. Ne2 Qxe6 16. Kf2 Bg5 17. f4 0-0 18. Ra3 Bxf4 19. Nxf4 Rxf4+ 20. Rf3 Rxd4 21. Qe1 Ne5 0-1

[Event "BUL-ch 82nd"]
[Site "Kozloduy"]
[Date "2018.03.05"]
[Round "3"]
[White "Cheparinov, Ivan"]
[Black "Rusev, Krasimir"]
[Result "1-0"]
[WhiteElo "2693"]
[BlackElo "2538"]
[PlyCount "121"]
[EventDate "2018.03.03"]
[EventType "tourn"]
[EventRounds "9"]
[EventCountry "BUL"]
[EventCategory "6"]
[SourceTitle "CBM 183 Extra"]
[Source "ChessBase"]
[SourceDate "2018.04.19"]
[SourceVersion "1"]
[SourceVersionDate "2018.04.19"]
[SourceQuality "1"]

1. Nf3 d5 2. g3 c6 3. Bg2 Bg4 4. 0-0 Nd7 5. d3 e6 6. e4 Bd6 7. h3 Bh5 8. exd5 cxd5 9. c4 Ne7 10. Nc3 0-0 11. cxd5 Nxd5 12. Nxd5 exd5 13. Qb3 Nc5 14. Qxd5 Bg6 15. Nh4 Be7 16. Nxg6 hxg6 17. Rd1 Qxd5 18. Bxd5 Rad8 19. Bc4 Bf6 20. a4 Rfe8 21. Kf1 Re7 22. Be3 b6 23. a5 Bxb2 24. Rab1 Bd4 25. Bg5 Bf6 26. Bxf6 gxf6 27. axb6 axb6 28. Rxb6 Kg7 29. Rc6 Ne4 30. Kg2 Nd6 31. Ba6 Nf5 32. Rdc1 Ra8 33. Bc8 Nd4 34. R6c4 Nb5 35. Rc5 Nd4 36. R5c4 Nb5 37. Rb4 Nd6 38. Bg4 Ra3 39. Rd4 Nb5 40. Rd8 f5 41. Bf3 Nc7 42. h4 Ne6 43. Rd6 Rea7 44. Rd1 Rc3 45. Bd5 Nc5 46. Bc4 Re7 47. Rc6 Nb3 48. Bd5 Rxc6 49. Bxc6 Nd4 50. Bd5 Re5 51. Bc4 f4 52. g4 g5 53. h5 f5 54. gxf5 g4 55. h6+ Kxh6 56. f6 Re2 57. f7 Kg7 58. Rh1 Ne6 59. Rh4 f3+ 60. Kg3 Kxf7 61. Rh6 1-0

[Event "BUL-ch 82nd"]
[Site "Kozloduy"]
[Date "2018.03.04"]
[Round "2"]
[White "Rusev, Krasimir"]
[Black "Vutov, M Mario"]
[Result "1-0"]
[WhiteElo "2538"]
[BlackElo "2334"]
[PlyCount "119"]
[EventDate "2018.03.03"]
[EventType "tourn"]
[EventRounds "9"]
[EventCountry "BUL"]
[EventCategory "6"]
[SourceTitle "CBM 183 Extra"]
[Source "ChessBase"]
[SourceDate "2018.04.19"]
[SourceVersion "1"]
[SourceVersionDate "2018.04.19"]
[SourceQuality "1"]

1. d4 Nf6 2. c4 g6 3. Nc3 Bg7 4. e4 d6 5. Be2 0-0 6. Be3 e5 7. d5 Na6 8. g4 Nc5 9. f3 a5 10. h4 c6 11. Nh3 cxd5 12. cxd5 h5 13. Nf2 a4 14. Qd2 Bd7 15. Rb1 Qa5 16. g5 Ne8 17. b4 axb3 18. axb3 Qb4 19. 0-0 Nc7 20. Rfc1 Rfc8 21. Qd1 Nb5 22. Nxb5 Bxb5 23. Bc4 Bd7 24. Bf1 Bf8 25. Qe2 Qa3 26. Rc3 Na6 27. Rbc1 Qa5 28. Rxc8 Rxc8 29. Rxc8 Bxc8 30. Qb5 Qxb5 31. Bxb5 Nc7 32. Bf1 Be7 33. Nd1 f6 34. Nc3 Bd7 35. Kf2 fxg5 36. hxg5 Kf7 37. Kg3 Na6 38. f4 exf4+ 39. Kxf4 Bf8 40. e5 dxe5+ 41. Kxe5 Bf5 42. Nb5 Nc5 43. Nd6+ Bxd6+ 44. Kxd6 Nxb3 45. Kc7 h4 46. d6 Na5 47. d7 Nc6 48. Bg2 Bxd7 49. Kxd7 Ne5+ 50. Kc7 Ke6 51. Bxb7 Kf5 52. Bc8+ Ke4 53. Bc1 Kf3 54. Kd6 Nd3 55. Ba3 Kg3 56. Ke7 h3 57. Bd6+ Kg2 58. Bb7+ Kg1 59. Kf6 h2 60. Kxg6 1-0

[Event "Titled Tuesday intern op 17th April"]
[Site "Chess.com INT"]
[Date "2017.11.07"]
[Round "3"]
[White "Rusev, Krasimir"]
[Black "Steinbuerg, Karl W"]
[Result "0-1"]
[WhiteElo "2538"]
[BlackElo "2499"]
[PlyCount "112"]
[EventDate "2017.04.17"]
[EventType "swiss (blitz)"]
[EventRounds "10"]
[EventCountry "USA"]
[SourceTitle "EXT 2021"]
[Source "ChessBase"]
[SourceDate "2020.10.23"]
[SourceVersion "1"]
[SourceVersionDate "2020.10.23"]
[SourceQuality "1"]

1. d4 Nf6 2. Nf3 e6 3. Bf4 d5 4. e3 c5 5. Nbd2 Nc6 6. c3 Bd6 7. Bg3 0-0 8. Bb5 Qe7 9. Bxc6 bxc6 10. Qa4 cxd4 11. cxd4 c5 12. Bxd6 Qxd6 13. Qa3 Nd7 14. Rc1 Rb8 15. dxc5 Qc7 16. 0-0 a5 17. Nb3 Ba6 18. Rfd1 Be2 19. Rd2 Bxf3 20. gxf3 Ne5 21. Kg2 Nc4 22. Rxc4 dxc4 23. Qxa5 Qe5 24. Nd4 Ra8 25. Qc3 Rxa2 26. Qxc4 Qg5+ 27. Kh3 Ra1 28. Ne2 Rh1 29. Qf4 Qxc5 30. Kg2 Rb1 31. Ng3 h6 32. h4 Qc1 33. Qd4 e5 34. Qd6 Rxb2 35. Rxb2 Qxb2 36. Nf5 Qb8 37. Ne7+ Kh8 38. Qd5 Qd8 39. Qc5 Re8 40. Nf5 Qf6 41. e4 Kh7 42. Qb5 Re6 43. Qd7 g6 44. Ng3 Kg7 45. h5 Re7 46. Qd5 Qf4 47. Qd6 Re6 48. Qd7 Rf6 49. Qd3 Qg5 50. Qc3 gxh5 51. Kh3 Kg6 52. Qc8 Rxf3 53. Qg8+ Kf6 54. Qd8+ Kg7 55. Qxg5+ hxg5 56. Kg2 Rxg3+ 0-1